00709cam a22002171 4500001001300000003000400013005001700017008004100034010001700075035002000092040001900112042001200131050001400143060002100157110002900178245020000207260002100407300001000428710003600438999001700474med47003541 DLC20260227111608.0810815s1947 xx 000 0 eng  amed47003541  a(OCoLC)14733201 aDLCcDNLMdDLC apremarc00aR727b.R50 aW 62bR499r 19472 aRaymond Rich Associates.10aReport on public relations to the Colorado State Medical Societyb Fully annotated, showing actions taken by the Board of Trustees of the Colorado State Medical Society upon each recommendation. a[Denver]cc1947. a19 p.2 aColorado State Medical Society. c38801d38801